The coming of the age of iron
This main purpose of this book is to give an explicit metallurgical and pyrotechnological content to the tern iron age.
Đã lưu trong:
| Formáid: | Leabhar |
|---|---|
| Teanga: | Undetermined |
| Foilsithe: |
New Haven
Yale University Press
1980
|
| Ábhair: | |
| Clibeanna: |
Cuir Clib Leis
Gan Chlibeanna, Bí ar an gcéad duine leis an taifead seo a chlibeáil!
|
| Thư viện lưu trữ: | Trung tâm Học liệu Trường Đại học Cần Thơ |
|---|
| LEADER | 00660nam a2200193Ia 4500 | ||
|---|---|---|---|
| 001 | CTU_230098 | ||
| 008 | 210402s9999 xx 000 0 und d | ||
| 082 | |a 930.16 | ||
| 082 | |b C733 | ||
| 245 | 4 | |a The coming of the age of iron | |
| 245 | 0 | |c Edited by Theodore A. Wertime, James D. Muhly | |
| 260 | |a New Haven | ||
| 260 | |b Yale University Press | ||
| 260 | |c 1980 | ||
| 520 | |a This main purpose of this book is to give an explicit metallurgical and pyrotechnological content to the tern iron age. | ||
| 650 | |a Luyện kim,Metallurgy | ||
| 650 | |x Lịch sử,History | ||
| 910 | |b dqhieu | ||
| 980 | |a Trung tâm Học liệu Trường Đại học Cần Thơ | ||